Soil physical conditions and crop production (Record no. 233692)

MARC details
000 -LEADER
fixed length control field 00530nam a2200217Ia 4500
008 - FIXED-LENGTH DATA ELEMENTS--GENERAL INFORMATION
fixed length control field 150909s9999 xx 000 0 und d
041 ## - LANGUAGE CODE
Language code of text/sound track or separate title English
082 ## - DEWEY DECIMAL CLASSIFICATION NUMBER
Classification number 631 .8
082 ## - DEWEY DECIMAL CLASSIFICATION NUMBER
Item number GOU/SO
100 ## - MAIN ENTRY--PERSONAL NAME
Personal name Gough H C
100 ## - MAIN ENTRY--PERSONAL NAME
Relator term Editor
245 ## - TITLE STATEMENT
Title Soil physical conditions and crop production
260 ## - PUBLICATION, DISTRIBUTION, ETC. (IMPRINT)
Place of publication, distribution, etc. London
260 ## - PUBLICATION, DISTRIBUTION, ETC. (IMPRINT)
Name of publisher, distributor, etc. Her Majesty`s Stationary Office
260 ## - PUBLICATION, DISTRIBUTION, ETC. (IMPRINT)
Date of publication, distribution, etc. 1975
300 ## - PHYSICAL DESCRIPTION
Extent 505 Pages
365 ## - TRADE PRICE
Price type code UKP.13.00
440 ## - SERIES STATEMENT/ADDED ENTRY--TITLE
Title Technical bulletin
650 ## - SUBJECT ADDED ENTRY--TOPICAL TERM
Topical term or geographic name as entry element Fertilizers
942 ## - ADDED ENTRY ELEMENTS (KOHA)
Koha item type Books (General)
Holdings
Withdrawn status Lost status Damaged status Not for loan Home library Current library Date acquired Cost, normal purchase price Total Checkouts Full call number Barcode Date last seen Price effective from Koha item type
        College of Agriculture, Vellanikkara College of Agriculture, Vellanikkara 16/09/2015 0.00   631 .8 GOU/SO KAU-COA-17122 16/09/2015 16/09/2015 Books (General)
Kerala Agricultural University Central Library
Thrissur-(Dt.), Kerala Pin:- 680656, India
Ph : (+91)(487) 2372219
E-mail: librarian@kau.in
Website: http://library.kau.in/